[Event "Montreal Empresa int."]
[Site "Montreal CAN"]
[Date "2007.07.26"]
[Round "7.1"]
[White "Harikrishna, Pentala"]
[Black "Charbonneau, Pascal"]
[Result "1/2-1/2"]
[WhiteElo "2664"]
[BlackElo "2503"]
[PlyCount "84"]
[GameId "2160767910576438"]
[EventDate "2007.07.19"]
[EventType "tourn"]
[EventRounds "9"]
[EventCountry "CAN"]
[EventCategory "16"]

1. d4 Nf6 2. Nf3 d5 3. c4 e6 4. Nc3 Be7 5. Bf4 O-O 6. e3 c5 7. dxc5 Bxc5 8. cxd5 Nxd5 9. Nxd5 exd5 10. Bd3 Bb4+ 11. Nd2 Nc6 12. O-O d4 13. e4 f5 14. a3 Ba5 15. b4 fxe4 16. Bxe4 Rxf4 17. bxa5 Nxa5 18. Qc2 h6 19. Rfe1 Bg4 20. f3 Bh5 21. Rac1 Rf8 22. Qc5 Bf7 23. Qf5 g6 24. Qf4 h5 25. Qg3 d3 26. Bxg6 Qb6+ 27. Kf1 Qxg6 28. Qh4 Nb3 29. Nxb3 Bxb3 30. Rc5 Rf5 31. Rxf5 Qxf5 32. Qg3+ Kh8 33. Qd6 Bf7 34. Qd4+ Kh7 35. Re5 Qg6 36. g4 hxg4 37. Re4 Be6 38. Rf4 Kg8 39. Ke1 Qg5 40. Qe3 Re8 41. Rf8+ Kxf8 42. Qxg5 gxf3 1/2-1/2

[Event "Montreal Empresa int."]
[Site "Montreal CAN"]
[Date "2007.07.27"]
[Round "8.1"]
[White "Charbonneau, Pascal"]
[Black "Kamsky, Gata"]
[Result "1/2-1/2"]
[WhiteElo "2503"]
[BlackElo "2718"]
[PlyCount "103"]
[GameId "2160767910576443"]
[EventDate "2007.07.19"]
[EventType "tourn"]
[EventRounds "9"]
[EventCountry "CAN"]
[EventCategory "16"]

1. e4 d5 2. exd5 Qxd5 3. Nc3 Qd6 4. d4 Nf6 5. Nf3 c6 6. Bc4 Be6 7. Bxe6 Qxe6+ 8. Ne5 Nbd7 9. Qe2 g6 10. O-O Bg7 11. Re1 O-O 12. Bg5 Nxe5 13. Qxe5 Qxe5 14. dxe5 Ng4 15. Bf4 f6 16. f3 Nxe5 17. Rad1 Rfd8 18. Bxe5 fxe5 19. Rxd8+ Rxd8 20. Ne4 Bh6 21. Kf2 Kf7 22. Ke2 Rd5 23. Rd1 Ke8 24. Rd3 Ra5 25. Rb3 Rxa2 26. Rxb7 Bc1 27. b3 Bb2 28. Rc7 Bd4 29. Rxc6 Bb6 30. Kd3 Kd7 31. Rc4 Ra1 32. Ra4 Rd1+ 33. Ke2 Rg1 34. g3 Rg2+ 35. Kd3 Rxh2 36. c4 a5 37. c5 Bc7 38. Kc4 Rb2 39. b4 Rxb4+ 40. Rxb4 axb4 41. Kxb4 Kc6 42. Kc4 Ba5 43. Ng5 h5 44. Nf7 Kc7 45. Kd3 Be1 46. Nxe5 g5 47. Nf7 Bxg3 48. Nxg5 Kc6 49. Ke2 Bf4 50. Ne4 h4 51. Kf1 h3 52. Nf2 1/2-1/2

[Event "Montreal Empresa int."]
[Site "Montreal CAN"]
[Date "2007.07.28"]
[Round "9.1"]
[White "Tiviakov, Sergei"]
[Black "Charbonneau, Pascal"]
[Result "1/2-1/2"]
[WhiteElo "2648"]
[BlackElo "2503"]
[PlyCount "114"]
[GameId "2160767910576448"]
[EventDate "2007.07.19"]
[EventType "tourn"]
[EventRounds "9"]
[EventCountry "CAN"]
[EventCategory "16"]

1. e4 c5 2. Nc3 e6 3. Nf3 a6 4. d4 cxd4 5. Nxd4 b5 6. Bd3 d6 7. a4 b4 8. Na2 Nf6 9. Bd2 e5 10. Nf5 d5 11. Ng3 Nc6 12. Bg5 dxe4 13. Nxe4 Be7 14. Nxf6+ gxf6 15. Be4 Qxd1+ 16. Rxd1 Bd7 17. Be3 f5 18. Bd5 f4 19. Bb6 Rb8 20. a5 Bd8 21. Bxd8 Nxd8 22. O-O Ke7 23. Rfe1 f6 24. Re4 Nc6 25. Bxc6 Bxc6 26. Rxb4 Rbd8 27. Re1 Rhg8 28. g3 fxg3 29. hxg3 Rd2 30. Rh4 Rgd8 31. Nb4 Bf3 32. Kf1 h5 33. Rf4 Bb7 34. Rc4 Ke6 35. Rc7 Bf3 36. Rc3 Bb7 37. Nd3 Kf5 38. Re3 Rd1+ 39. Ke2 Ra1 40. Rc5 Be4 41. b3 Rd6 42. f4 Bxd3+ 43. cxd3 Kg4 44. fxe5 Ra2+ 45. Ke1 fxe5 46. Rcxe5 Rc6 47. R5e4+ Kg5 48. Rc4 Rf6 49. Re5+ Kg6 50. Rce4 Rff2 51. Re6+ Kg5 52. R6e5+ Kg6 53. Re2 Rfxe2+ 54. Rxe2 Rxa5 55. d4 Kf5 56. Kf2 Rb5 57. Re3 Rd5 1/2-1/2

[Event "Trumpeter Classic"]
[Site "Grande Prairie CAN"]
[Date "2007.01.27"]
[Round "1"]
[White "Stutzman, Larry"]
[Black "Charbonneau, Pascal"]
[Result "0-1"]
[WhiteElo "1757"]
[BlackElo "2531"]
[PlyCount "56"]
[GameId "2160767910726752"]
[EventDate "2007.01.27"]
[EventType "swiss"]
[EventRounds "5"]
[EventCountry "CAN"]
[SourceTitle "EXT 2008"]
[Source "ChessBase"]
[SourceDate "2007.11.25"]
[SourceVersion "1"]
[SourceVersionDate "2007.11.25"]
[SourceQuality "1"]

1. c4 e5 2. Nc3 Nf6 3. d3 d5 4. cxd5 Nxd5 5. g3 Nc6 6. Bg2 Nb6 7. a3 Be7 8. Nf3 O-O 9. O-O Re8 10. b4 Bf8 11. Bb2 Bg4 12. Qc2 a5 13. b5 Nd4 14. Nxd4 exd4 15. Ne4 f5 16. f3 Bh5 17. Nc5 Qd5 18. Nxb7 Qxb7 19. f4 Nd5 20. Bxd4 Rxe2 21. Qc6 Qxc6 22. bxc6 Ne3 23. Bxe3 Rxe3 24. Bd5+ Bf7 25. Bxf7+ Kxf7 26. Rfd1 Rd8 27. d4 Rxa3 28. Rab1 Rxd4 0-1

[Event "Trumpeter Classic"]
[Site "Grande Prairie CAN"]
[Date "2007.01.27"]
[Round "2"]
[White "Charbonneau, Pascal"]
[Black "Culjaga, Nikolai"]
[Result "1-0"]
[WhiteElo "2531"]
[BlackElo "1977"]
[PlyCount "43"]
[GameId "2160767910726756"]
[EventDate "2007.01.27"]
[EventType "swiss"]
[EventRounds "5"]
[EventCountry "CAN"]

1. e4 c5 2. Nc3 e6 3. Nf3 a6 4. d4 cxd4 5. Nxd4 Qc7 6. Bd3 Nf6 7. O-O Nc6 8. Nxc6 dxc6 9. f4 Bc5+ 10. Kh1 Bd7 11. e5 Nd5 12. Ne4 Be7 13. a3 g6 14. c4 Nb6 15. Be3 c5 16. b4 cxb4 17. axb4 Nxc4 18. Qc1 Rc8 19. Bc5 Bxc5 20. bxc5 Nxe5 21. fxe5 O-O 22. Qh6 1-0

[Event "Trumpeter Classic"]
[Site "Grande Prairie CAN"]
[Date "2007.01.27"]
[Round "3"]
[White "Gardner, Robert"]
[Black "Charbonneau, Pascal"]
[Result "1/2-1/2"]
[WhiteElo "2302"]
[BlackElo "2531"]
[PlyCount "125"]
[GameId "2160767910726767"]
[EventDate "2007.01.27"]
[EventType "swiss"]
[EventRounds "5"]
[EventCountry "CAN"]
[SourceTitle "EXT 2008"]
[Source "ChessBase"]
[SourceDate "2007.11.25"]
[SourceVersion "1"]
[SourceVersionDate "2007.11.25"]
[SourceQuality "1"]

1. f4 c5 2. Nf3 g6 3. e4 Bg7 4. Be2 Nc6 5. d3 d6 6. c3 Nf6 7. O-O O-O 8. Na3 Rb8 9. Nc2 b5 10. a3 c4 11. dxc4 bxc4 12. Bxc4 Na5 13. Bd3 Nb3 14. Rb1 Bb7 15. Be3 a5 16. e5 Ng4 17. Ba7 Ra8 18. Ne3 Rxa7 19. Nxg4 Qb6+ 20. Kh1 h5 21. Nf2 Bxf3 22. gxf3 dxe5 23. f5 gxf5 24. Bxf5 Rd8 25. Bd3 Nc5 26. Qe2 Nxd3 27. Nxd3 Qa6 28. Nc1 a4 29. Rg1 Qf6 30. Nd3 Rad7 31. Nxe5 Rd2 32. Qe4 Kf8 33. Nc6 R8d7 34. Nd4 Qd6 35. Rg3 Bxd4 36. Qh7 e5 37. cxd4 Qxd4 38. Qxh5 Qf4 39. Re1 R7d5 40. Rg5 Rxh2+ 41. Qxh2 Qxg5 42. f4 Qxf4 43. Qxf4 exf4 44. Re4 f3 45. Kg1 Rd2 46. Rxa4 Rxb2 47. Rf4 Rb3 48. a4 Ra3 49. Kf2 Kg7 50. Rxf3 Rxa4 51. Rb3 Kg6 52. Rc3 Kg5 53. Rb3 f5 54. Rc3 Rf4+ 55. Kg3 Rf1 56. Rc8 Ra1 57. Rg8+ Kf6 58. Rf8+ Ke6 59. Re8+ Kf7 60. Rb8 Ra4 61. Kf3 Re4 62. Ra8 Kf6 63. Rf8+ 1/2-1/2

[Event "Trumpeter Classic"]
[Site "Grande Prairie CAN"]
[Date "2007.01.28"]
[Round "4"]
[White "Hughey, Micah"]
[Black "Charbonneau, Pascal"]
[Result "0-1"]
[WhiteElo "2271"]
[BlackElo "2531"]
[PlyCount "56"]
[GameId "2160767910726777"]
[EventDate "2007.01.27"]
[EventType "swiss"]
[EventRounds "5"]
[EventCountry "CAN"]
[SourceTitle "EXT 2008"]
[Source "ChessBase"]
[SourceDate "2007.11.25"]
[SourceVersion "1"]
[SourceVersionDate "2007.11.25"]
[SourceQuality "1"]

1. e4 c5 2. c3 Nf6 3. e5 Nd5 4. d4 cxd4 5. Nf3 e6 6. cxd4 d6 7. Bc4 Nc6 8. Qe2 Be7 9. O-O O-O 10. Nc3 dxe5 11. dxe5 Nxc3 12. bxc3 b6 13. Qe4 Bb7 14. Qg4 Re8 15. Bh6 Bf8 16. Rad1 Qc7 17. Rfe1 Rad8 18. Bd3 Ne7 19. Nd4 Ng6 20. Bg5 Rd5 21. Bb5 Rb8 22. Nxe6 Qc8 23. Bc4 Rxd1 24. Rxd1 Nxe5 25. Qf4 Qxc4 26. Qxe5 Re8 27. Rd8 Qc6 28. f3 fxe6 0-1

[Event "Trumpeter Classic"]
[Site "Grande Prairie CAN"]
[Date "2007.01.28"]
[Round "5"]
[White "Charbonneau, Pascal"]
[Black "Yearwood, Roy"]
[Result "1-0"]
[WhiteElo "2531"]
[BlackElo "2190"]
[PlyCount "55"]
[GameId "2160767910726786"]
[EventDate "2007.01.27"]
[EventType "swiss"]
[EventRounds "5"]
[EventCountry "CAN"]
[SourceTitle "EXT 2008"]
[Source "ChessBase"]
[SourceDate "2007.11.25"]
[SourceVersion "1"]
[SourceVersionDate "2007.11.25"]
[SourceQuality "1"]

1. e4 e5 2. Nf3 Nc6 3. d4 exd4 4. Nxd4 g6 5. Nc3 Bg7 6. Be3 Nge7 7. Qd2 O-O 8. O-O-O d6 9. Nxc6 bxc6 10. Bh6 Be6 11. h4 Bxh6 12. Qxh6 f6 13. Bd3 Qe8 14. h5 Qf7 15. hxg6 Qxg6 16. Qe3 Rf7 17. f4 Bg4 18. Rde1 Rg7 19. Rh2 c5 20. Reh1 Re8 21. Bc4+ d5 22. Nxd5 Kh8 23. Nxc7 Rc8 24. Rh6 Rxc7 25. Rxg6 Nxg6 26. Qc3 Rc8 27. g3 Rf8 28. Bd3 1-0

[Event "CAN-ch"]
[Site "Toronto CAN"]
[Date "2006.08.18"]
[Round "1"]
[White "Charbonneau, Pascal"]
[Black "Bolduc, Steve"]
[Result "1-0"]
[WhiteElo "2501"]
[BlackElo "2177"]
[PlyCount "69"]
[GameId "2160767910781841"]
[EventDate "2006.08.18"]
[EventType "swiss"]
[EventRounds "9"]
[EventCountry "CAN"]
[SourceTitle "The Week in Chess 615"]
[Source "Mark Crowther"]
[SourceDate "2006.08.21"]
[SourceVersion "1"]
[SourceVersionDate "2006.08.21"]
[SourceQuality "2"]

1. e4 c5 2. Nf3 d6 3. d4 cxd4 4. Nxd4 Nf6 5. Nc3 a6 6. g3 e5 7. Nb3 Be7 8. Bg2 Nbd7 9. a4 b6 10. O-O O-O 11. Qe2 Rb8 12. Rd1 h6 13. Nd2 Qc7 14. Nf1 Nc5 15. Ne3 Bb7 16. Ncd5 Nxd5 17. Nxd5 Bxd5 18. Rxd5 Qc6 19. b3 Rfc8 20. Be3 Ne6 21. c4 Nc5 22. Rb1 Bf8 23. Qg4 Kh8 24. f4 Re8 25. Qh5 Qc7 26. Rf1 f6 27. Bh3 Nxe4 28. Bf5 Nc3 29. Qg6 Kg8 30. Qh7+ Kf7 31. Bg6+ Ke7 32. Rd3 d5 33. Rxc3 d4 34. Rd3 dxe3 35. Qg8 1-0

[Event "CAN-ch"]
[Site "Toronto CAN"]
[Date "2006.08.19"]
[Round "2"]
[White "Plotkin, Victor"]
[Black "Charbonneau, Pascal"]
[Result "1/2-1/2"]
[WhiteElo "2164"]
[BlackElo "2501"]
[PlyCount "99"]
[GameId "2160767910781896"]
[EventDate "2006.08.18"]
[EventType "swiss"]
[EventRounds "9"]
[EventCountry "CAN"]
[SourceTitle "The Week in Chess 615"]
[Source "Mark Crowther"]
[SourceDate "2006.08.21"]
[SourceVersion "1"]
[SourceVersionDate "2006.08.21"]
[SourceQuality "2"]

1. e4 c5 2. c3 Nf6 3. e5 Nd5 4. d4 cxd4 5. Nf3 e6 6. cxd4 d6 7. Bc4 Nc6 8. O-O Be7 9. exd6 Qxd6 10. Nc3 Nxc3 11. bxc3 O-O 12. Re1 b6 13. Qd3 Na5 14. Bb5 Bb7 15. Bg5 f6 16. Bh4 Rac8 17. Nd2 Rfd8 18. Qh3 Bd5 19. Bd3 g6 20. Ne4 Bxe4 21. Bxe4 f5 22. Bxe7 Qxe7 23. Bc2 Rd6 24. Bb3 Rdc6 25. Rac1 b5 26. Qe3 Nxb3 27. axb3 Qd6 28. Qd3 Qd5 29. b4 Qc4 30. Qxc4 Rxc4 31. Ra1 Rxc3 32. Kf1 R8c7 33. Rxe6 Rb3 34. d5 Rxb4 35. d6 Rd7 36. Re7 Rxe7 37. dxe7 Kf7 38. Rxa7 Rb2 39. g3 b4 40. h4 b3 41. Rb7 Rb1+ 42. Kg2 h6 43. Kf3 b2 44. Kg2 g5 45. hxg5 hxg5 46. Kf3 Ke8 47. Kg2 g4 48. Kh2 Kf7 49. Kg2 Ke8 50. Kh2 1/2-1/2

[Event "CAN-ch"]
[Site "Toronto CAN"]
[Date "2006.08.20"]
[Round "3"]
[White "Charbonneau, Pascal"]
[Black "Panjwani, Raja"]
[Result "1-0"]
[WhiteElo "2501"]
[BlackElo "2222"]
[PlyCount "125"]
[GameId "2160767910781907"]
[EventDate "2006.08.18"]
[EventType "swiss"]
[EventRounds "9"]
[EventCountry "CAN"]
[SourceTitle "The Week in Chess 615"]
[Source "Mark Crowther"]
[SourceDate "2006.08.21"]
[SourceVersion "1"]
[SourceVersionDate "2006.08.21"]
[SourceQuality "2"]

1. e4 e5 2. Nf3 Nc6 3. Bb5 Nf6 4. d3 d6 5. O-O Bd7 6. c3 g6 7. Re1 Bg7 8. Nbd2 O-O 9. Ba4 Qe8 10. Bb3 Ng4 11. h3 Nh6 12. Nc4 Kh8 13. d4 f6 14. Ne3 Nf7 15. h4 Nh6 16. h5 g5 17. Nh2 Rc8 18. d5 Nb8 19. g4 a5 20. Nhf1 Na6 21. Ng3 Ra8 22. f3 Nf7 23. Kg2 h6 24. Ngf5 Nd8 25. Bc4 Nb8 26. Be2 b6 27. c4 Nb7 28. b3 Na6 29. Bd2 Bxf5 30. Nxf5 Ra7 31. a3 Qf7 32. Bd3 Rfa8 33. Bc2 Nac5 34. Bc3 Bf8 35. b4 Nd7 36. Ba4 Nb8 37. Bb5 Kh7 38. Qd3 Kh8 39. Ng3 Qg8 40. Nf1 Be7 41. Nd2 Qc8 42. Qe3 Nd7 43. Nb3 Nd8 44. bxa5 bxa5 45. a4 Nc5 46. Nxc5 dxc5 47. Qd2 c6 48. dxc6 Ne6 49. Rac1 Qc7 50. Qd7 Nf8 51. Qf5 Qc8 52. Red1 Ne6 53. Rd7 Rxd7 54. cxd7 Qg8 55. Kh1 Qf7 56. Bc6 Ng7 57. Qg6 Qxg6 58. hxg6 Rb8 59. Bxa5 Ne6 60. Bd5 Bd8 61. Bxd8 Nxd8 62. a5 Rb3 63. Ra1 1-0

[Event "CAN-ch"]
[Site "Toronto CAN"]
[Date "2006.08.21"]
[Round "4"]
[White "Stevens, Christian"]
[Black "Charbonneau, Pascal"]
[Result "1/2-1/2"]
[WhiteElo "2314"]
[BlackElo "2501"]
[PlyCount "41"]
[GameId "2160767910781963"]
[EventDate "2006.08.18"]
[EventType "swiss"]
[EventRounds "9"]
[EventCountry "CAN"]
[SourceTitle "The Week in Chess 616"]
[Source "Mark Crowther"]
[SourceDate "2006.08.28"]
[SourceVersion "1"]
[SourceVersionDate "2006.08.28"]
[SourceQuality "2"]

1. Nf3 Nf6 2. c4 e6 3. Nc3 d5 4. cxd5 exd5 5. d4 Bb4 6. Bg5 O-O 7. Rc1 Be6 8. a3 Be7 9. e3 Nbd7 10. Be2 c6 11. O-O h6 12. Bh4 Bf5 13. Bd3 Bxd3 14. Qxd3 Re8 15. Nd2 Nh5 16. Bxe7 Qxe7 17. Na4 Nhf6 18. Nc5 Nxc5 19. Rxc5 Qd6 20. b4 Nd7 21. Rc3 1/2-1/2

[Event "CAN-ch"]
[Site "Toronto CAN"]
[Date "2006.08.22"]
[Round "5"]
[White "Charbonneau, Pascal"]
[Black "Milicevic, Goran"]
[Result "0-1"]
[WhiteElo "2501"]
[BlackElo "2305"]
[PlyCount "104"]
[GameId "2160767910790163"]
[EventDate "2006.08.18"]
[EventType "swiss"]
[EventRounds "9"]
[EventCountry "CAN"]
[SourceTitle "The Week in Chess 616"]
[Source "Mark Crowther"]
[SourceDate "2006.08.28"]
[SourceVersion "1"]
[SourceVersionDate "2006.08.28"]
[SourceQuality "2"]

1. e4 e6 2. d4 d5 3. Nc3 Nf6 4. e5 Nfd7 5. f4 c5 6. Nf3 Qb6 7. Be3 a6 8. a3 Nc6 9. Na4 Qa5+ 10. c3 c4 11. b4 cxb3 12. Qxb3 Qc7 13. Nb2 Na5 14. Qc2 Nb6 15. Bd3 Bd7 16. O-O Rc8 17. f5 Qxc3 18. Qf2 Nac4 19. fxe6 Bxe6 20. Nxc4 Nxc4 21. Bxc4 Rxc4 22. Rac1 Qxa3 23. Rb1 Qe7 24. Ng5 b5 25. Qg3 h6 26. Nf3 Qd7 27. Nd2 Rc3 28. Nb3 Bf5 29. Rb2 g5 30. Qf2 Bd3 31. Re1 Ba3 32. Nc5 Rxc5 33. dxc5 Bxb2 34. Qxb2 O-O 35. Qd4 Be4 36. h3 Rc8 37. Rf1 Rc6 38. Qd2 Qe7 39. Bd4 Rg6 40. Rf6 Rxf6 41. exf6 Qc7 42. Qc3 a5 43. Be5 b4 44. Qd4 Qd7 45. Bg3 Qe6 46. Bc7 g4 47. h4 g3 48. Bxg3 b3 49. Qc3 a4 50. c6 d4 51. Qc1 Bxc6 52. Qxh6 Qg4 0-1

[Event "CAN-ch"]
[Site "Toronto CAN"]
[Date "2006.08.23"]
[Round "6"]
[White "Predescu, Sebastian"]
[Black "Charbonneau, Pascal"]
[Result "0-1"]
[WhiteElo "2222"]
[BlackElo "2501"]
[PlyCount "100"]
[GameId "2160767910790217"]
[EventDate "2006.08.18"]
[EventType "swiss"]
[EventRounds "9"]
[EventCountry "CAN"]
[SourceTitle "The Week in Chess 616"]
[Source "Mark Crowther"]
[SourceDate "2006.08.28"]
[SourceVersion "1"]
[SourceVersionDate "2006.08.28"]
[SourceQuality "2"]

1. e4 c5 2. Nf3 d6 3. d4 cxd4 4. Nxd4 Nf6 5. Nc3 Nc6 6. Bc4 Bd7 7. O-O e6 8. Bb3 Be7 9. Be3 O-O 10. Qe2 Nxd4 11. Bxd4 Bc6 12. e5 dxe5 13. Bxe5 Nd7 14. Rad1 Qa5 15. Bd6 Bxd6 16. Rxd6 Qg5 17. Ne4 Qe5 18. Rfd1 Nc5 19. Nc3 Qg5 20. f3 Nxb3 21. axb3 h5 22. b4 a6 23. Qd2 Qxd2 24. R1xd2 Rfc8 25. Kf2 Kf8 26. Ke3 Ke7 27. R6d3 f6 28. b3 Rd8 29. Na4 Rxd3+ 30. Rxd3 Rd8 31. Rxd8 Kxd8 32. c4 Ke7 33. Nc3 e5 34. g3 Ke6 35. Ne2 g5 36. Nc3 f5 37. f4 exf4+ 38. gxf4 g4 39. Kf2 h4 40. Ne2 Be4 41. Nd4+ Kd6 42. Kg1 b6 43. Kf2 a5 44. bxa5 bxa5 45. Ne2 Kc5 46. Ke3 Kb4 47. Nd4 g3 48. hxg3 h3 49. Nf3 Kxb3 50. g4 Bxf3 0-1

[Event "CAN-ch"]
[Site "Toronto CAN"]
[Date "2006.08.24"]
[Round "7"]
[White "Charbonneau, Pascal"]
[Black "Tayar, Jonathan"]
[Result "1-0"]
[WhiteElo "2501"]
[BlackElo "2214"]
[PlyCount "47"]
[GameId "2160767910790226"]
[EventDate "2006.08.18"]
[EventType "swiss"]
[EventRounds "9"]
[EventCountry "CAN"]
[SourceTitle "The Week in Chess 616"]
[Source "Mark Crowther"]
[SourceDate "2006.08.28"]
[SourceVersion "1"]
[SourceVersionDate "2006.08.28"]
[SourceQuality "2"]

1. e4 c5 2. Nf3 d6 3. d4 cxd4 4. Nxd4 Nf6 5. Nc3 a6 6. Be2 e5 7. Nb3 Be7 8. Bg5 Be6 9. Bxf6 Bxf6 10. Qd3 Nc6 11. O-O-O Nd4 12. Nxd4 exd4 13. Nd5 Bxd5 14. exd5 O-O 15. Qf3 d3 16. Bxd3 Qa5 17. Qf5 Rfd8 18. Rhe1 Kf8 19. Qxh7 g5 20. Qf5 Kg7 21. Re6 Bxb2+ 22. Kxb2 fxe6 23. Qxg5+ Kf8 24. Qh6+ 1-0

[Event "CAN-ch"]
[Site "Toronto CAN"]
[Date "2006.08.25"]
[Round "8"]
[White "Lawson, Eric"]
[Black "Charbonneau, Pascal"]
[Result "0-1"]
[WhiteElo "2393"]
[BlackElo "2501"]
[PlyCount "52"]
[GameId "2160767910790268"]
[EventDate "2006.08.18"]
[EventType "swiss"]
[EventRounds "9"]
[EventCountry "CAN"]
[SourceTitle "The Week in Chess 616"]
[Source "Mark Crowther"]
[SourceDate "2006.08.28"]
[SourceVersion "1"]
[SourceVersionDate "2006.08.28"]
[SourceQuality "2"]

1. e4 c5 2. Nf3 e6 3. d4 cxd4 4. Nxd4 Nc6 5. Nb5 d6 6. c4 Nf6 7. N1c3 a6 8. Na3 Be7 9. Bd3 O-O 10. O-O b6 11. f4 Bb7 12. Be3 d5 13. cxd5 exd5 14. e5 d4 15. exf6 Bxf6 16. Bf2 dxc3 17. bxc3 b5 18. Rc1 Qe7 19. Qb3 Rfd8 20. Bf5 Qc7 21. Bh3 Rd3 22. Bf5 Ne7 23. Qc2 Rxc3 24. Qxc3 Bxc3 25. Bg4 b4 26. Nb1 Qxf4 0-1

[Event "CAN-ch"]
[Site "Toronto CAN"]
[Date "2006.08.26"]
[Round "9"]
[White "Zugic, Igor"]
[Black "Charbonneau, Pascal"]
[Result "1/2-1/2"]
[WhiteElo "2467"]
[BlackElo "2501"]
[PlyCount "101"]
[GameId "2160767910790312"]
[EventDate "2006.08.18"]
[EventType "swiss"]
[EventRounds "9"]
[EventCountry "CAN"]
[SourceTitle "The Week in Chess 616"]
[Source "Mark Crowther"]
[SourceDate "2006.08.28"]
[SourceVersion "1"]
[SourceVersionDate "2006.08.28"]
[SourceQuality "2"]

1. d4 Nf6 2. c4 c5 3. d5 e6 4. Nc3 exd5 5. cxd5 d6 6. e4 g6 7. Nf3 a6 8. h3 b5 9. Bd3 Bg7 10. O-O O-O 11. a3 Re8 12. Re1 Nh5 13. Bg5 Qb6 14. Qd2 Nd7 15. b4 Bb7 16. Rac1 Rac8 17. Ne2 Qc7 18. g4 Nhf6 19. Ng3 c4 20. Bc2 Nb6 21. Bh6 Bh8 22. Nf5 Nfd7 23. N3d4 c3 24. Qf4 Be5 25. Qf3 gxf5 26. Nxf5 Nf8 27. Qg2 Ng6 28. h4 Kh8 29. h5 Ne7 30. Nh4 Rg8 31. Kh1 Qd8 32. Nf3 Nd7 33. Nxe5 Nxe5 34. f3 f5 35. g5 Qe8 36. g6 hxg6 37. f4 Nf7 38. Bg5 Nxg5 39. Qxg5 Qf7 40. Re3 gxh5 41. Qh6+ Qh7 42. Qxd6 Qg7 43. Rg3 Qf8 44. Qe5+ Kh7 45. Rh3 Qf7 46. Bd1 Rg6 47. Bxh5 Kg8 48. Bxg6 Nxg6 49. Rg1 Kf8 50. Qd6+ Kg7 51. Qe5+ 1/2-1/2

[Event "Empresa-A"]
[Site "Montreal CAN"]
[Date "2006.08.08"]
[Round "1"]
[White "Charbonneau, Pascal"]
[Black "Sutovsky, Emil"]
[Result "1/2-1/2"]
[WhiteElo "2501"]
[BlackElo "2607"]
[PlyCount "33"]
[GameId "2160767910790344"]
[EventDate "2006.08.08"]
[EventType "tourn"]
[EventRounds "9"]
[EventCountry "CAN"]
[EventCategory "15"]
[SourceTitle "CBM 114"]
[Source "ChessBase"]
[SourceDate "2006.10.02"]
[SourceVersion "1"]
[SourceVersionDate "2006.10.02"]
[SourceQuality "1"]

1. e4 c5 2. Nf3 d6 3. d4 cxd4 4. Nxd4 Nf6 5. Nc3 a6 6. Bg5 e6 7. f4 Qb6 8. Qd2 Nc6 9. Bxf6 gxf6 10. Nb3 h5 11. Be2 h4 12. O-O-O Bd7 13. Rhf1 O-O-O 14. Rf3 Ne5 15. Rff1 Nc6 16. Rf3 Ne5 17. Rff1 1/2-1/2

[Event "Empresa-A"]
[Site "Montreal CAN"]
[Date "2006.08.09"]
[Round "2"]
[White "Gulko, Boris"]
[Black "Charbonneau, Pascal"]
[Result "1-0"]
[WhiteElo "2570"]
[BlackElo "2501"]
[PlyCount "113"]
[GameId "2160767910790349"]
[EventDate "2006.08.08"]
[EventType "tourn"]
[EventRounds "9"]
[EventCountry "CAN"]
[EventCategory "15"]
[SourceTitle "CBM 114"]
[Source "ChessBase"]
[SourceDate "2006.10.02"]
[SourceVersion "1"]
[SourceVersionDate "2006.10.02"]
[SourceQuality "1"]

1. c4 e5 2. Nc3 Nf6 3. Nf3 Nc6 4. g3 Nd4 5. Bg2 Nxf3+ 6. Bxf3 Bc5 7. O-O O-O 8. Na4 Be7 9. d4 d6 10. Bg2 c6 11. Nc3 Qa5 12. d5 cxd5 13. Nxd5 Nxd5 14. Qxd5 Qc7 15. b3 Rb8 16. Be3 Be6 17. Qd2 b5 18. cxb5 d5 19. Rfc1 Qd7 20. Qa5 Rxb5 21. Qxa7 Qxa7 22. Bxa7 Ba3 23. Rc7 Ra8 24. Be3 Bf8 25. Ra7 Rxa7 26. Bxa7 Ra5 27. Bb6 Ra3 28. Be3 d4 29. Bc1 Ra7 30. Bb2 Bc5 31. Bc6 Rc7 32. Bb5 Bb4 33. Rc1 Ra7 34. Ba4 h5 35. Rc2 f6 36. f4 Bf5 37. Rc4 Bd2 38. Bc1 Bc3 39. Kf2 Re7 40. Ba3 Rb7 41. Rc5 Bb1 42. fxe5 fxe5 43. Rxe5 Bxa2 44. Re7 Rb6 45. Bc5 Rf6+ 46. Kg2 Rf5 47. Bd6 Bd2 48. Bd7 Ra5 49. Be6+ Kh7 50. Bc4 Bb1 51. Re5 Ra1 52. Rxh5+ Kg6 53. Re5 Be3 54. Kh3 Bf5+ 55. g4 Bc8 56. Re8 Bb7 57. Re6+ 1-0

[Event "Empresa-A"]
[Site "Montreal CAN"]
[Date "2006.08.11"]
[Round "4"]
[White "Miton, Kamil"]
[Black "Charbonneau, Pascal"]
[Result "1-0"]
[WhiteElo "2638"]
[BlackElo "2501"]
[PlyCount "65"]
[GameId "2160767910790361"]
[EventDate "2006.08.08"]
[EventType "tourn"]
[EventRounds "9"]
[EventCountry "CAN"]
[EventCategory "15"]
[SourceTitle "CBM 114"]
[Source "ChessBase"]
[SourceDate "2006.10.02"]
[SourceVersion "1"]
[SourceVersionDate "2006.10.02"]
[SourceQuality "1"]

1. d4 Nf6 2. c4 e6 3. Nc3 Bb4 4. f3 c5 5. d5 O-O 6. e4 d6 7. Nge2 b5 8. Nf4 e5 9. Nfe2 Nh5 10. g4 Qh4+ 11. Kd2 Nf4 12. Nxf4 exf4 13. Kc2 Bxc3 14. bxc3 b4 15. Bxf4 Bd7 16. Qd2 Ba4+ 17. Kd3 bxc3 18. Qe3 Qe7 19. Ke2 c2 20. Kf2 Nd7 21. Be2 Ne5 22. Qa3 Bd7 23. Qc3 h5 24. h3 Qf6 25. Qd2 hxg4 26. hxg4 Nxg4+ 27. fxg4 g5 28. Rh5 gxf4 29. Rah1 Rfb8 30. e5 dxe5 31. Qxc2 Kf8 32. Rh6 Qg7 33. d6 1-0

[Event "Empresa-A"]
[Site "Montreal CAN"]
[Date "2006.08.12"]
[Round "5"]
[White "Charbonneau, Pascal"]
[Black "Mikhalevski, Victor"]
[Result "1/2-1/2"]
[WhiteElo "2501"]
[BlackElo "2571"]
[PlyCount "71"]
[GameId "2160767910790364"]
[EventDate "2006.08.08"]
[EventType "tourn"]
[EventRounds "9"]
[EventCountry "CAN"]
[EventCategory "15"]
[SourceTitle "CBM 114"]
[Source "ChessBase"]
[SourceDate "2006.10.02"]
[SourceVersion "1"]
[SourceVersionDate "2006.10.02"]
[SourceQuality "1"]

1. e4 e5 2. Nf3 Nc6 3. Bb5 a6 4. Ba4 Nf6 5. O-O Nxe4 6. d4 b5 7. Bb3 d5 8. dxe5 Be6 9. Nbd2 Nc5 10. c3 d4 11. Bxe6 Nxe6 12. cxd4 Ncxd4 13. a4 Bb4 14. axb5 Nxb5 15. Qe2 Bxd2 16. Bxd2 O-O 17. Be3 Qd5 18. Rfd1 Qe4 19. Qd3 Qxd3 20. Rxd3 c5 21. Nd2 Rfb8 22. Ra4 Nbd4 23. Nc4 h5 24. h3 g6 25. Kh2 Rd8 26. Rd2 Kg7 27. Nd6 Nf5 28. Nxf5+ gxf5 29. Rc2 Rd5 30. Rac4 Rxe5 31. Bxc5 Nxc5 32. Rxc5 Rxc5 33. Rxc5 Rb8 34. Rxf5 Rxb2 35. Kg3 Rb5 36. Rf4 1/2-1/2